| 000 | 00626nam a22002057a 4500 | ||
|---|---|---|---|
| 005 | 20210325180945.0 | ||
| 008 | s2544 th tha d | ||
| 020 | _a9743156054 | ||
| 041 | _atha | ||
| 050 | _aPN6080 ก436ค 2544 | ||
| 100 | 0 | _aกายสิทธิ์ พิศนาคะ | |
| 245 | 1 | 0 | _aคมคิด คมคำปราชญ์ |
| 260 | 3 |
_aกรุงเทพฯ : _bเคล็ดไทย, _c2544 |
|
| 300 |
_a246 หน้า ; _b 21 ซม. |
||
| 650 | 0 | 4 | _aคำคม |
| 850 | _aNALT | ||
| 942 | _cGB | ||
| 997 | _c000000000010651 | ||
| 998 | _aBENJALUCK SUTTHIWILAI | ||
| 999 |
_c10651 _d10651 |
||